|
|
|
|
| LEADER |
00000nas a2200000 a 4500 |
| 001 |
ssj0015181 |
| 003 |
WaSeSS |
| 005 |
20200512172242.0 |
| 006 |
m d |
| 007 |
cr n |
| 008 |
000428c19729999nyumr pss 0 a0eng c |
| 010 |
|
|
|a 2003213203
|
| 016 |
7 |
|
|a 2032868-0
|2 DE-600
|
| 016 |
7 |
|
|a 013685956
|2 Uk
|
| 022 |
|
|
|a 1543-186X
|l 0361-5235
|y 0361-5235
|
| 035 |
|
|
|a (WaSeSS)ssj0015181
|
| 040 |
|
|
|a ZCU
|b eng
|e pn
|c ZCU
|d OCLCQ
|d NSD
|d OCLCQ
|d OCL
|d OCLCQ
|d BUF
|d OCLCF
|d OCLCQ
|d OCLCA
|d EZC
|d TOF
|d AU@
|d UKMGB
|d VT2
|d NJT
|d DLC
|d SFB
|d WaSeSS
|
| 042 |
|
|
|a nsdp
|a pcc
|
| 050 |
0 |
0 |
|a TK7871
|
| 082 |
1 |
0 |
|a 621
|2 13
|
| 130 |
0 |
|
|a Journal of electronic materials (Online)
|
| 210 |
0 |
|
|a J. electron. mater.
|b (Online)
|
| 222 |
|
0 |
|a Journal of electronic materials
|b (Online)
|
| 245 |
1 |
0 |
|a Journal of electronic materials
|h [electronic resource].
|
| 246 |
1 |
|
|i Also known as:
|a JEM
|
| 246 |
1 |
|
|i Also known as:
|a IEEE/TMS journal of electronic materials
|
| 260 |
|
|
|a New York :
|b Elsevier Science Pub. Co.
|
| 260 |
3 |
|
|3 <2010-> :
|a [New York] :
|b Springer US
|
| 310 |
|
|
|a Monthly,
|b 1990-
|
| 321 |
|
|
|a Quarterly,
|b 1972-1974
|
| 321 |
|
|
|a Bimonthly,
|b 1975-1989
|
| 362 |
1 |
|
|a Print began in 1972.
|
| 500 |
|
|
|a Published: Warrendale, Pa. : The Minerals, Metals, & Materials Society, <2003->
|
| 500 |
|
|
|a Title from journal home page (viewed Jan. 16, 2003).
|
| 506 |
|
|
|a License restrictions may limit access.
|
| 525 |
|
|
|a Some vols. have supplements.
|
| 538 |
|
|
|a Mode of access: World Wide Web.
|
| 550 |
|
|
|a Also issued by: Institute of Electrical and Electronics Engineers.
|
| 588 |
|
|
|a Latest issue consulted: Vol. 48, issue 9 (Sept. 2019) (Springer Link, viewed Aug. 21, 2019).
|
| 650 |
|
0 |
|a Electronics
|x Materials
|v Periodicals.
|
| 650 |
|
7 |
|a Electronics
|x Materials.
|2 fast
|0 (OCoLC)fst00907562
|
| 655 |
|
0 |
|a Electronic journals.
|
| 710 |
2 |
|
|a Minerals, Metals and Materials Society.
|
| 710 |
2 |
|
|a Institute of Electrical and Electronics Engineers.
|
| 776 |
0 |
8 |
|i Print version:
|t Journal of electronic materials
|x 0361-5235
|w (DLC) 72625285
|w (OCoLC)2059833
|
| 850 |
|
|
|a DLC
|
| 856 |
4 |
0 |
|z Full text available from Research Library: 07/01/1996 to 1 year ago
|u https://search.proquest.com/publication/48394
|